Pelegrinatge als origens / (Record no. 124300)

MARC details
000 -LEADER
campo de control de longitud fija 00600nam a2200193 i 4500
001 - NÚMERO DE CONTROL
campo de control 124300
003 - IDENTIFICADOR DE NÚMERO DE CONTROL
campo de control ES-MaACL
007 - CAMPO FIJO DE DESCRIPCIÓN FÍSICA--INFORMACIÓN GENERAL
campo de control de longitud fija t|
008 - DATOS DE LONGITUD FIJA--INFORMACIÓN GENERAL
campo de control de longitud fija 070525s1961 sp ||||1| cat d
080 ## - NÚMERO DE LA CLASIFICACIÓN DECIMAL UNIVERSAL
Número de la Clasificación Decimal Universal 915.40(0:840-992)
100 1# - ENTRADA PRINCIPAL--NOMBRE DE PERSONA
Nombre de persona Lanza del Vasto, Joseph Jean,
Fechas asociadas al nombre 1901-1981
9 (RLIN) 70122
245 10 - MENCIÓN DEL TÍTULO
Título Pelegrinatge als origens /
Mención de responsabilidad, etc. Lanza del Vasto ; traducció Rafael Tasis.
260 ## - PUBLICACIÓN, DISTRIBUCIÓN, ETC.
Lugar de publicación, distribución, etc. Barcelona :
Nombre del editor, distribuidor, etc. Arimany,
Fecha de publicación, distribución, etc. [1961]
300 ## - DESCRIPCIÓN FÍSICA
Extensión 415 p. ;
Dimensiones 24 cm.
651 #4 - PUNTO DE ACCESO ADICIONAL DE MATERIA--NOMBRE GEOGRÁFICO
Nombre geográfico India-
Subdivisión general Descripción.
9 (RLIN) 8839
700 1# - ENTRADA AGREGADA--NOMBRE PERSONAL
Nombre de persona Tasis, Rafael.
9 (RLIN) 109362
852 ## - LOCALIZACIÓN
Ubicación ES-MaACL
Número de control de estantería E-2469
Sublocalización o colección R.47939
Holdings
Estatus retirado Estado de pérdida Estado de daño No para préstamo Biblioteca de origen Biblioteca actual Ubicación en estantería Fecha de adquisición Fuente de adquisición Total de préstamos Signatura topográfica completa Código de barras Visto por última vez Precio de reemplazo Tipo de ítem Koha
        Biblioteca del Ateneo de Madrid Biblioteca del Ateneo de Madrid Depósito 2 17/01/2008     E-2469 1129498 23/02/2023 23/02/2023 Libro impreso